| 000 | 01139cam a2200229 4500 | ||
|---|---|---|---|
| 001 | WB@3612-668 | ||
| 008 | 041019n2004 000 0 eng u | ||
| 035 | _a(Sirsi) u127759 | ||
| 245 | _aViews sought on Carsberg review | ||
| 260 | _c2004 | ||
| 490 |
_aRICS Press Release _v(pr092) 14 October 2004 (1) |
||
| 520 | _aSir Bryan Carsberg was asked by RICS in the summer of 2004 to look at its consumer protection role across the land, property and construction sectors. He has now published a consultation document as part of his wide-ranging independent review of RICS's regulatory role and is seeking for views from RICS members (both as individuals and as firms); client and consumer groups; government and other interested parties. The review can be found on the RICS website and the deadline for comment is 19 November 2004. http://www.rics.org/RICSWEB/getpage.aspx?p=HibbX9v OJkyINBwawqplqQ== | ||
| 590 | _aWB | ||
| 590 | _aWB | ||
| 650 | _aMEMBERS | ||
| 650 | _aPROFESSIONAL CONDUCT | ||
| 650 | _aPROFESSIONAL BODIES | ||
| 650 | _aSELF-REGULATION | ||
| 650 | _aRICS | ||
| 690 | _aPROFESSIONAL PRACTICE | ||
| 942 | _n0 | ||
| 999 |
_c118190 _d118190 |
||